UBT Library

Die aktiengesellschaft und ihre satzung nach slowenischem recht = Delniška družba in njen statut po slovenskem pravu / (Record no. 376)

000 -LEADER
fixed length control field 01002nam a22002897a 4500
008 - FIXED-LENGTH DATA ELEMENTS--GENERAL INFORMATION
fixed length control field 131129b xxu||||| |||| 00| 0 ger d
020 ## - INTERNATIONAL STANDARD BOOK NUMBER
International Standard Book Number 3854283652
041 10 - LANGUAGE CODE
Language code of text/sound track or separate title ger
-- slv
080 ## - UNIVERSAL DECIMAL CLASSIFICATION NUMBER
Universal Decimal Classification number 347.725
Common auxiliary subdivision (497.4)
-- (060.132)
100 1# - Rafti
Rafti Doralt, Peter
245 10 - TITLE STATEMENT
Title Die aktiengesellschaft und ihre satzung nach slowenischem recht = Delniška družba in njen statut po slovenskem pravu /
Statement of responsibility, etc Peter Doralt, Marian Kocbek, hilda Marija Pivka
260 ## -
-- Wien :
-- Service Fachverlag ;
-- 1997.
300 ## -
-- 228 f. :
-- 21 cm.
490 ## -
-- Schriftenreihe des FOWI
-- Band 10
500 ## -
-- Pregovor : f. V-VI
500 ## -
-- Vorwort : f. VII - VIII
500 ## -
-- Teksti është në gjuhë gjermane dhe sllovene.
505 ## -
-- Literaturverzeichnis : 227
650 #0 -
-- Ligji
-- Sllovenia
650 #0 -
-- Ligjet e shoqatave
-- Sllovenia
700 1# -
-- Doralt, Peter
700 1# -
-- Kocbek, Marian
700 1# -
-- Pivka, Gilda Marija
700 1# -
-- Haschek, Helmut H.
700 1# -
-- Schauer, Martin
942 ## - ADDED ENTRY ELEMENTS (KOHA)
Source of classification or shelving scheme
Item type Books
Holdings
Withdrawn status Lost status Source of classification or shelving scheme Damaged status Not for loan Collection code Permanent location Current location Shelving location Date acquired Total Checkouts Full call number Barcode Date last seen Price effective from Koha item type
          Koleksioni i përgjithshem UBT - Prishtine UBT - Prishtine Koleksioni i përgjithshem 11/29/2013   347.725 (497.4)(060.132) DOR 001-000508 11/29/2013 11/29/2013 Books
UBT Library © 2015-2024. All rights reserved University Education for Business and Technology